Copa do Mundo - Artilheiros por Edição - Statistics

Estatísticas Gerais
  • Esse quiz foi jogado 80 vezes
    49 desde o último reset
  • A pontuação média é 12 de 22
Estatísticas das Respostas
Ano Gols País Jogador % Correto
2018 6 Ing Harry Kane
97%
2022 8 Fra Kylian Mbappé
97%
2002 8 Bra Ronaldo / Ronaldo Fenômeno
97%
2014 6 Col James Rodríguez
92%
2010 5 Ale / Esp / Hol / Uru Thomas Müller / David Villa / Wesley Sneijder / Diego Forlán
92%
2006 5 Ale Miroslav Klose
84%
1962 4 Bra / Bra / Chi / Hun / Iug / URSS Garrincha / Vavá / Leonel Sánchez / Flórián Albert / Drazan Jerkovic / Valentin Ivanov
82%
1970 10 Ale Gerd Müller
74%
1966 9 Por Eusébio
71%
1958 13 Fra Just Fontaine
55%
1998 6 Cro Davor Suker
47%
1994 6 Bul / Rus Hristo Stoichkov / Oleg Salenko
47%
1938 7 Bra Leônidas / Leônidas da Silva
47%
1982 6 Ita Paolo Rossi
47%
1978 6 Arg Mario Kempes
37%
1950 9 Bra Ademir / Ademir de Menezes
32%
1986 6 Ing Gary Lineker
29%
1954 11 Hun Sándor Kocsis
24%
1974 7 Pol Grzegorz Lato
11%
1930 8 Arg Guillermo Stábile
11%
1934 5 Tch Oldrich Nejedlý
8%
1990 6 Ita Salvatore Schillaci
8%
Nenhum quiz correspondente encontrado
Distribuição das Pontuações
Porcentagem de Pessoas com Cada Pontuação
Percentil de Números Respondidos
Sua Pontuação Histórica
Você não jogou esse quiz desde o último reset